Normal view MARC view

Entry Personal Name

Number of records used in: 1

001 - CONTROL NUMBER

  • control field: 48876

003 - CONTROL NUMBER IDENTIFIER

  • control field: dpl

005 - DATE AND TIME OF LATEST TRANSACTION

  • control field: 20120612095227.0

008 - FIXED-LENGTH DATA ELEMENTS

  • fixed length control field: 120612|||a|||||| | ||| d

040 ## - CATALOGING SOURCE

  • Original cataloging agency: dpl
  • Transcribing agency: dpl

100 ## - HEADING--PERSONAL NAME

  • Personal name: Sudhir Kumar Singh

670 ## - SOURCE DATA FOUND

  • Source citation: Work cat.: (dpl)53562: Sudhir Kumar Singh, Press, politics & public opinions in Bihar (1912-1947) /, 2010

670 ## - SOURCE DATA FOUND

  • Source citation: Work cat.: (dpl)53562: Sudhir Kumar Singh, Press, politics & public opinions in Bihar (1912-1947) /, 2010

© Delhi Public Library
Hit Counter
free hit counter